| 000 | 02464cam a2200325 i 4500 | ||
|---|---|---|---|
| 999 |
_c9232 _d9232 |
||
| 001 | 826685435 | ||
| 003 | OCoLC | ||
| 005 | 20241126110708.0 | ||
| 008 | 130604t20132013miu b 001 0 eng | ||
| 010 | _a2013015201 | ||
| 020 |
_a9780801039652 _q(pbk.) |
||
| 020 |
_a0801039657 _q(pbk.) |
||
| 040 |
_aDLC _beng _erda _cDLC _dYDXCP _dBDX _dIOG _dTLE _dSGB _dCDX _dOCLCF _dYUS _dAUTTC _dOCLCQ _dKSU _dUtOrBLW |
||
| 042 | _apcc | ||
| 050 | 0 | 0 |
_aBR115.H5 _bF43 2013 |
| 082 | 0 | 0 |
_a907.1 _223 _bFEA |
| 100 | 1 |
_aFea, John. _0http://id.loc.gov/authorities/names/no2004008268 _916051 |
|
| 245 | 1 | 0 |
_aWhy study history? : _breflecting on the importance of the past / _cJohn Fea |
| 264 | 1 |
_aGrand Rapids, Michigan : _bBaker Academic, _c[2013] |
|
| 264 | 4 | _c℗♭2013 | |
| 300 |
_aix, 182 pages ; _c22 cm |
||
| 336 |
_atext _btxt _2rdacontent |
||
| 337 |
_aunmediated _bn _2rdamedia |
||
| 338 |
_avolume _bnc _2rdacarrier |
||
| 504 | _aIncludes bibliographical references and index | ||
| 505 | 0 | _aPrologue -- What do historians do? -- In search of a usable past -- The past is a foreign country -- Providence and history -- Christian resources for the study of the past -- History for a civil society -- The power to transform -- So what can you do with a history major? -- Epilogue : History and the church -- Appendix : A proposal for the Center for American History and a Civil Society | |
| 520 | _aThe interpretation of the past is at the core of many of today's divisive political and cultural debates. In this introductory textbook, accomplished historian John Fea shows how studying the past can help us understand the present world in which we live. Deep historical thinking has the potential to transform the lives of individuals and society, because it enables us to understand those with whom we differ on important issues. Studying history can relieve us of our narcissism; cultivate humility, hospitality, and love; and transform our lives more fully into the image of Jesus Christ. Why Study History? explains why Christians should study history, how faith is brought to bear on our understanding of the past, and how studying the past can help us more effectively love God and others. Professors and students of history will value this unique, accessible introduction to the study of history and the historian's vocation. - Publisher | ||
| 650 | 0 |
_aHistory _xReligious aspects _xChristianity. _0http://id.loc.gov/authorities/subjects/sh85061248 _93268 |
|
| 942 |
_2ddc _cBK |
||